00188nam a2200073Ia 4500082000800000245002100008100004400029008004100073 aFLA 0aTENANTS OF TIME  a FLANAGAN, THOMAS London, 1988 210817s9999 xx 000 0 und d